000 00602nam a2200205Ia 4500
003 OSt
005 20260406100552.0
008 210210b1969 xxu||||| |||| 00| 0 eng d
040 _cAL
041 _ahin
082 _aH891.4 TANK
100 _aTANTIYA (Rameshvar)
_9197737
110 _bताँतिया (रामेश्वर)
_9197738
245 _aKuch ghatanayen kuch samsmaran:
_bकुछ घटनाएं कुछ संस्मरण
260 _aKalkata
_bHindi Pustak Ejensi
_c1969
300 _a151
690 _aHindi Prose
_9197739
906 _a030843
942 _2ddc
_cBK
999 _c82012
_d82012